Je Československo dostatečně přitažlivé pro zahraniční kapitál?

Súčasný stav a podmienky pre prílev zahraničného kapitálu do ČSFR. Formy zahraničných investícií: priame zahraničné investície a nákup účastín čs. účastinných spoločností. Podmienky priťahujúce zahraničný kapitál. Príťažlivosť ČSFR pre zahraničných investorov. Údaje o počte zahraničných účastníkov....

Ausführliche Beschreibung

Gespeichert in:
Bibliographische Detailangaben
1. Verfasser: Durdisová, Jaroslava
Format: Buchkapitel
Sprache:Tschechisch
Schlagworte:
Tags: Tag hinzufügen
Keine Tags, Fügen Sie das erste Tag hinzu!

MARC

LEADER 00000naa a2200000 4500
001 r007207
005 20220831090154.1
041 0 |a cze 
044 |a [CS] 
245 1 0 |a Je Československo dostatečně přitažlivé pro zahraniční kapitál?  |c Jaroslava Durdisová 
520 |a Súčasný stav a podmienky pre prílev zahraničného kapitálu do ČSFR. Formy zahraničných investícií: priame zahraničné investície a nákup účastín čs. účastinných spoločností. Podmienky priťahujúce zahraničný kapitál. Príťažlivosť ČSFR pre zahraničných investorov. Údaje o počte zahraničných účastníkov. Prekážky brániace vstupu zahraničného kapitálu. 
610 2 0 |a kapitál zahraničný 
610 2 0 |a ČSFR 
610 2 0 |a investície zahraničné 
610 2 0 |a spoločnosti akciové 
610 2 0 |a akcie 
100 1 |a Durdisová, Jaroslava